[Event "28th Avoine Open"]
[Site "Avoine FRA"]
[Date "2013.07.26"]
[Round "7.11"]
[White "Petre,NT"]
[Black "Salles,L"]
[Result "1/2-1/2"]
[WhiteElo "2371"]
[BlackElo "2176"]

1.c4 Nf6 2.Nc3 g6 3.e4 d6 4.d4 Bg7 5.Nf3 O-O 6.Be2 e5 7.O-O Nc6 8.d5 Ne7
9.Nd2 Ne8 10.b4 f5 11.c5 Nf6 12.a4 dxc5 13.Bc4 Kh8 14.bxc5 Nh5 15.g3 fxe4
16.Ndxe4 Nf5 17.f3 Nd4 18.Rb1 b6 19.c6 Nf6 20.Ba3 Nxe4 21.Nxe4 Rf5 22.Qd3 a6
23.Ba2 Nxc6 24.Rbc1 Bb7 25.d6 Qd7 26.Bd5 cxd6 27.Nxd6 Rf6 28.Qe4 Rc8 29.Nxc8 Qxc8
30.Be7 Re6 31.Bg5 Rd6 32.Rfd1 Qd7 33.Kg2 Ne7 34.Bxb7 Rxd1 35.Rxd1 Qxd1 36.Bxe7 Qd2+
37.Kg1 Qd1+ 38.Kf2 Qd2+ 39.Kf1 Qd1+ 40.Kg2 Qd2+ 41.Kf1 Qd1+ 42.Kf2 Qd2+ 43.Qe2 Qd7
44.Qxa6 Qxe7 45.Qxb6 Qd7 46.Be4 Qd2+ 47.Kf1 Qd1+ 48.Kg2 Qd2+ 49.Qf2 Qa5 50.Qa2 Bf6
51.h4 Kg7 52.Qc2 Bd8 53.Qd1 Be7 54.Bc2 Qc3 55.Be4 Qa5 56.h5 Qd8 57.Qc2 Qb6
58.Qd2 gxh5 59.Qd7 Qd6 60.Qf5 h4 61.Qxh7+ Kf8 62.Qh8+ Kf7 63.gxh4 Qd2+ 64.Kh3 Bf6
65.Qh7+ Kf8 66.Qf5 Ke7 67.Qh7+ Kf8 68.Qg6 Ke7 69.Qg1 Qd7+ 70.Kg3 Qxa4 71.Qc5+ Kf7
72.Qc7+ Kf8 73.Qd6+ Kf7 74.Kg4 Qa7 75.Bd5+ Kg7 76.Kf5 Qe7 77.Qb8 Qd8 78.Qb7+ Qe7
79.Qc8 Qd8 80.Qb7+ Qe7 81.Qb1 Qd7+ 82.Be6 Qd4 83.Qb7+ Kh6 84.Kxf6 e4+ 85.Kf5 exf3
86.Bd5 Qd3+ 87.Be4 Qd6 88.Bxf3 Qd7+ 89.Kf6 Qxb7  1/2-1/2

[Event "28th Avoine Open"]
[Site "Avoine FRA"]
[Date "2013.07.26"]
[Round "7.45"]
[White "Maloberti,D"]
[Black "Dubois,Mari"]
[Result "1-0"]
[WhiteElo "2101"]
[BlackElo "1826"]

1.d4 Nf6 2.c4 g6 3.Nc3 Bg7 4.e4 d6 5.Nf3 O-O 6.Be2 e5 7.O-O Nc6 8.d5 Ne7
9.Ne1 Nd7 10.f3 f5 11.Be3 Nf6 12.c5 f4 13.Bf2 g5 14.Rc1 h5 15.cxd6 cxd6 16.Nb5 Ne8
17.Nxa7 Rxa7 18.Bxa7 Nf6 19.Bf2 g4 20.Qc2 Ne8 21.Nd3 Bf6 22.Qb3 Kh8 23.Bb6 Qd7
24.Nf2  1-0

[Event "15th TCh-Eur Senior"]
[Site "Dresden GER"]
[Date "2013.07.26"]
[Round "7"]
[White "Kurka,Dieter"]
[Black "Franke,Ro"]
[Result "1/2-1/2"]
[WhiteElo "2069"]
[BlackElo "1991"]

1.d4 g6 2.c4 Nf6 3.Nf3 Bg7 4.e4 O-O 5.Nc3 d6 6.Be2 e5 7.O-O Nc6 8.d5 Ne7
9.Ne1 Nd7 10.Be3 f5 11.f3 b6 12.b4 a5 13.a3 Nf6 14.c5 axb4 15.axb4 Rxa1 16.Qxa1 bxc5
17.bxc5 fxe4 18.cxd6 cxd6 19.fxe4 Ng4  1/2-1/2

[Event "III Brazil Maringa Open"]
[Site "Maringa BRA"]
[Date "2013.07.26"]
[Round "4.5"]
[White "Matsuura,E"]
[Black "Cruz,Will"]
[Result "0-1"]
[WhiteElo "2491"]
[BlackElo "2170"]

1.d4 Nf6 2.c4 g6 3.Nc3 Bg7 4.e4 d6 5.Nf3 O-O 6.Be2 e5 7.O-O Nc6 8.d5 Ne7
9.b4 Ne8 10.c5 f5 11.Ng5 Nf6 12.Ba3 fxe4 13.b5 e3 14.fxe3 Nf5 15.Qd3 Bh6
16.h4 Nxh4 17.Ne6 Bxe6 18.dxe6 Nf5 19.Rxf5 gxf5 20.cxd6 cxd6 21.Bxd6 Bxe3+
22.Qxe3 Qxd6 23.Bc4 Kh8 24.Rd1 Qc7 25.Be2 f4 26.Qh3 e4 27.Nxe4 Nxe4 28.Rd7 Qc5+
29.Kh2 Ng5 30.Qh6 Qe5 31.Bd3 f3+ 32.Kh1 fxg2+ 33.Kxg2 Qb2+ 34.Kh1 Qc1+ 35.Kg2 Qd2+  0-1

[Event "28th Avoine Open"]
[Site "Avoine FRA"]
[Date "2013.07.27"]
[Round "8.15"]
[White "Kambrath,Y"]
[Black "Bizovi,M"]
[Result "1-0"]
[WhiteElo "2267"]
[BlackElo "2137"]

1.d4 Nf6 2.c4 g6 3.Nc3 Bg7 4.e4 d6 5.Be2 O-O 6.Nf3 e5 7.O-O Nc6 8.d5 Ne7
9.Ne1 Nd7 10.Nd3 f5 11.Bd2 Nf6 12.f3 f4 13.c5 g5 14.cxd6 cxd6 15.Nf2 Ng6
16.Qc2 Rf7 17.Rfc1 h5 18.h3 Bf8 19.Nb5 Ne8 20.a4 a6 21.Na3 g4 22.fxg4 Nh4
23.Qd1 Rg7 24.Rc3 Nf6 25.Nc4 hxg4 26.hxg4 Nxg2 27.Rh3 f3 28.Bxf3 Nf4 29.Bxf4 exf4
30.Qe2 Nxg4 31.Nxg4 Qg5 32.Kf2 Bxg4 33.Bxg4 Qxg4 34.Qxg4 Rxg4 35.Kf3 Rg6
36.a5 Bg7 37.Rah1 Rf8 38.R1h2 Be5 39.Rg2 Rxg2 40.Kxg2 Kg7 41.Kf3 Kg6 42.Kg4 Rf6
43.Rb3 Kh6 44.Nxe5 dxe5 45.Kf3 Rg6 46.Kf2 Rg7 47.Rb6+ Kh5 48.Re6 Kg4 49.Rxe5 Rc7
50.d6 Rc2+ 51.Ke1 Kf3 52.d7  1-0

[Event "65th ch-MNE 2013"]
[Site "Cetinje SRB"]
[Date "2013.07.28"]
[Round "9.6"]
[White "Djukanovic,S"]
[Black "Karisik,N"]
[Result "0-1"]
[WhiteElo "2316"]
[BlackElo "2086"]

1.d4 Nf6 2.Nf3 g6 3.c4 Bg7 4.Nc3 O-O 5.e4 d6 6.Be2 e5 7.O-O Nc6 8.d5 Ne7
9.b4 Nh5 10.c5 f5 11.Qb3 Nf6 12.Re1 Kh8 13.cxd6 cxd6 14.Bg5 f4 15.Bxf6 Bxf6
16.a4 g5 17.Nd2 g4 18.Bf1 Ng6 19.a5 Bh4 20.g3 Bg5 21.Nc4 h5 22.Ra2 h4 23.Qd1 f3
24.Ne3 Bxe3 25.Rxe3 Rf7 26.Rc2 Qg5 27.Qd2 Bd7 28.Nd1 Raf8 29.Rc7 Rh7 30.Nc3 hxg3  0-1

[Event "ch-AUT 2013"]
[Site "Feldkirch AUT"]
[Date "2013.07.28"]
[Round "9.6"]
[White "Kreisl,R"]
[Black "Schachinger,M"]
[Result "0-1"]
[WhiteElo "2419"]
[BlackElo "2401"]

1.Nf3 Nf6 2.c4 g6 3.Nc3 Bg7 4.e4 d6 5.d4 O-O 6.Be2 e5 7.O-O Nc6 8.d5 Ne7
9.Qc2 Ne8 10.b4 a5 11.bxa5 Rxa5 12.a4 f5 13.Ba3 b6 14.Nd2 Nf6 15.Bd3 fxe4
16.Ndxe4 Nxe4 17.Nxe4 Nf5 18.Bb4 Nd4 19.Qb1 Ra7 20.a5 bxa5 21.Rxa5 Rb7 22.Qe1 Rf3
23.Ra3 Rxd3 24.Rxd3 Nc2 25.Qb1 Nxb4 26.Rb3 Bf5 27.g4 Bxe4 28.Qxe4 Rb6 29.Ra1 Qc8
30.h3 Na6 31.Rxb6 cxb6 32.Qb1 e4 33.Ra3 Qxc4 34.Kg2 Nc5 35.Ra8+ Bf8 36.Qxb6 Qxd5
37.Qd8 e3+ 38.Kg1 Ne6  0-1

[Event "ch-AUT 2013"]
[Site "Feldkirch AUT"]
[Date "2013.07.28"]
[Round "9.8"]
[White "Huber,Mart AUT"]
[Black "Kleiser,G"]
[Result "1-0"]
[WhiteElo "2230"]
[BlackElo "2267"]

1.Nf3 Nf6 2.c4 g6 3.Nc3 Bg7 4.e4 d6 5.d4 O-O 6.Be2 e5 7.O-O Nc6 8.d5 Ne7
9.Ne1 Nd7 10.Nd3 f5 11.f3 f4 12.Bd2 g5 13.Rc1 Ng6 14.c5 Nf6 15.Nb5 Rf7 16.Ba5 b6
17.cxd6 cxd6 18.Be1 a6 19.Nc3 a5 20.Bf2 Bf8 21.a4 h5 22.Nb5 g4 23.Rc6 Rb7
24.Qc2 g3 25.hxg3 fxg3 26.Bxg3 h4 27.Bh2 Nh5 28.f4 Nhxf4 29.Nxf4 Nxf4 30.Bxf4 exf4
31.Rxf4 Rg7 32.Bf1 h3 33.Rf2 Ba6 34.Rc3 Qh4 35.Qd2 Be7 36.Qf4 Bxb5 37.axb5 hxg2
38.Bxg2 Qh5 39.Qf5 Qd1+ 40.Kh2 Rf8 41.Qe6+ Rff7 42.Rcf3 Bh4 43.Qc8+ Kh7 44.Qh3 Kg8
45.Rxf7 Bg3+ 46.Qxg3 Rxg3 47.Kxg3 Qd3+ 48.R7f3 Qxb5 49.Bh3 Qc5 50.Be6+ Kg7
51.Kh2  1-0

[Event "9th Gazi 2013"]
[Site "Gazi GRE"]
[Date "2013.07.28"]
[Round "3"]
[White "Antic,De"]
[Black "Klokas,K"]
[Result "1-0"]
[WhiteElo "2470"]
[BlackElo "2132"]

1.d4 Nf6 2.c4 g6 3.Nc3 Bg7 4.e4 d6 5.Nf3 O-O 6.Be2 e5 7.O-O Nc6 8.d5 Ne7
9.b4 Nh5 10.Re1 a5 11.bxa5 f5 12.Nd2 Nf4 13.Bf1 fxe4 14.Ndxe4 Rxa5 15.a4 b6
16.Ba3 Nf5 17.g3 Nh5 18.Bg2 Nd4 19.Bb4 Ra8 20.Nb5 Nxb5 21.cxb5 h6 22.a5 bxa5
23.Bxa5 Rb8 24.b6 Rxb6 25.Bxb6 cxb6 26.Qb3 Bf5 27.Rab1 Bxe4 28.Rxe4 Nf6 29.Rb4 Nd7
30.Qc2 Qf6 31.h4 Kh8 32.Qe2 Qf7 33.R4b3 e4 34.Bxe4 Nc5 35.Rf3 Qe7 36.Rxf8+ Bxf8
37.Bf3 Qxe2 38.Bxe2 Na4 39.Bf3  1-0

[Event "Politiken Cup 2013"]
[Site "Helsingor DEN"]
[Date "2013.07.28"]
[Round "2.78"]
[White "Bayhan,Erkan"]
[Black "Molvig,H"]
[Result "0-1"]
[WhiteElo "1753"]
[BlackElo "2167"]

1.d4 Nf6 2.c4 g6 3.Nc3 Bg7 4.e4 d6 5.Nf3 O-O 6.Be2 e5 7.O-O Nc6 8.dxe5 Nxe5
9.Nxe5 dxe5 10.Be3 c6 11.f3 Qe7 12.Qc2 Nd7 13.Rad1 Nc5 14.f4 exf4 15.Bxf4 Be5
16.Bxe5 Qxe5 17.a3 a5 18.b4 axb4 19.axb4 Ne6 20.Bg4 Nd4 21.Qf2 Bxg4 22.Rxd4 Ra3
23.Qd2 Kg7 24.c5 Rfa8 25.h3 Be6 26.Rc1 Ra1 27.Rd1 Bb3 28.Rxa1 Rxa1+ 29.Kf2 Qf6+
30.Ke2 Qf1+  0-1

[Event "Karpacz Open 2013"]
[Site "Karpacz POL"]
[Date "2013.07.28"]
[Round "7.3"]
[White "Sieciechowicz,M"]
[Black "Grzeskow,A"]
[Result "1-0"]
[WhiteElo "2462"]
[BlackElo "1930"]

1.d4 Nf6 2.c4 d6 3.Nf3 g6 4.Nc3 Bg7 5.e4 O-O 6.Be2 e5 7.O-O Nc6 8.d5 Ne7
9.b4 a5 10.Ba3 axb4 11.Bxb4 Nd7 12.a4 f5 13.Ng5 Nc5 14.Bxc5 dxc5 15.Bf3 Ra6
16.a5 f4 17.Bg4 Nf5 18.exf5 Qxg5 19.Ne4 Qe7 20.fxg6 Bxg4 21.gxh7+ Kxh7 22.Qxg4 Rg6
23.Qf3 Ra8 24.Rfb1 Ra7 25.Ra3 Rga6 26.Qh3+ Bh6 27.d6 cxd6 28.Qf5+ Kg7 29.Rh3 Qf7
30.Qxf7+  1-0

[Event "9th Tabor Open 2013"]
[Site "Tabor CZE"]
[Date "2013.07.29"]
[Round "2.18"]
[White "Kozak,Mi"]
[Black "Miesbauer,Jan"]
[Result "1/2-1/2"]
[WhiteElo "2169"]
[BlackElo "1923"]

1.d4 Nf6 2.c4 g6 3.Nc3 Bg7 4.e4 d6 5.Nf3 O-O 6.Be2 e5 7.O-O Nc6 8.d5 Ne7
9.h4 c6 10.Rb1 cxd5 11.cxd5 Bd7 12.Nd2 Rc8 13.Qb3 Qc7 14.Nb5 Bxb5 15.Bxb5 Bh6
16.Bd3 b5 17.Bxb5  1/2-1/2

[Event "9th Tabor Open 2013"]
[Site "Tabor CZE"]
[Date "2013.07.29"]
[Round "3.4"]
[White "Kislik,E"]
[Black "Michalcak,L"]
[Result "1-0"]
[WhiteElo "2345"]
[BlackElo "2074"]

1.d4 Nf6 2.c4 g6 3.Nc3 Bg7 4.e4 O-O 5.Nf3 d6 6.Be2 e5 7.O-O Nc6 8.d5 Ne7
9.Ne1 Nd7 10.Be3 f5 11.f3 f4 12.Bf2 g5 13.Rc1 h5 14.Nd3 Rf7 15.c5 a6 16.b4 Kh8
17.Qb3 Nf6 18.cxd6 cxd6 19.Nxe5 Rf8 20.Nc4 Ng6 21.Bb6 Qe7 22.Bd4 g4 23.Rfd1 gxf3
24.gxf3 Bh3 25.Kh1 Nh4 26.Bf1 Bxf1 27.Rxf1 Nxe4 28.Nxe4 Bxd4 29.Qd3 Qg7 30.Rg1 Bxg1
31.Rxg1 Ng6 32.Nexd6 Rg8 33.Qf5 Raf8 34.Qxh5+ Qh7 35.Qg5 Qh6 36.Nf5 Qh3 37.Nd4 Rf7
38.Nd6 Rfg7 39.N6f5 Ne5 40.Nxg7 Nxf3 41.Nxf3 Qxf3+ 42.Qg2 Qc3 43.d6  1-0

[Event "9th Ribeira Valley Open 2013"]
[Site "Registro BRA"]
[Date "2013.07.30"]
[Round "2.23"]
[White "Araujo,Renan Aparecido"]
[Black "Cruz,Will"]
[Result "0-1"]
[WhiteElo "1903"]
[BlackElo "2170"]

1.d4 Nf6 2.c4 g6 3.Nf3 Bg7 4.Nc3 O-O 5.e4 d6 6.Be2 e5 7.O-O Nc6 8.d5 Ne7
9.Ne1 Nd7 10.Be3 f5 11.f3 f4 12.Bf2 g5 13.Nd3 Rf6 14.Rc1 Rh6 15.c5 a6 16.c6 Nf6
17.cxb7 Bxb7 18.Qb3 Bc8 19.Qc4 Qe8 20.Kh1 Qh5 21.Bg1 Qh4 22.Bd1 Nh5 23.Ne2 g4
24.Nf2 gxf3 25.gxf3 Ng6 26.Qc6 Ng3+ 27.Nxg3 fxg3 28.Nd3 Qh3 29.Rf2 Nh4 30.Rcc2 gxf2
31.Rxf2 Rb8 32.Qxc7 Rb7 33.Qd8+ Bf8 34.Be2 Rg6 35.Ne1 Rbg7  0-1

[Event "9th Tabor Open 2013"]
[Site "Tabor CZE"]
[Date "2013.07.30"]
[Round "4.21"]
[White "Michalcak,L"]
[Black "Miesbauer,Jan"]
[Result "1/2-1/2"]
[WhiteElo "2074"]
[BlackElo "1923"]

1.d4 Nf6 2.c4 g6 3.Nc3 Bg7 4.e4 d6 5.Nf3 O-O 6.Be2 e5 7.O-O Nc6 8.d5 Ne7
9.b4 c6 10.Ne1 cxd5 11.cxd5 Bd7 12.Be3 a5 13.b5 Rc8 14.Rc1 Rxc3 15.Rxc3 Nxe4
16.Rc1 Nf5 17.Bd3 Nxe3 18.fxe3 Nc5 19.Kh1 e4 20.Be2 Be5 21.g3 Qg5 22.Ng2 Bh3
23.Qd2 Bxg2+ 24.Kxg2 b6 25.Rf2 f5 26.Rg1 Rf7 27.Kh1 h5 28.Rfg2 Kf8 29.h4 Qf6
30.Rc1 Ke7 31.Rgg1 Kd7 32.Rcf1 Kc7  1/2-1/2

[Event "9th Tabor Open 2013"]
[Site "Tabor CZE"]
[Date "2013.07.31"]
[Round "5.20"]
[White "Tesar,J"]
[Black "Miesbauer,Jan"]
[Result "0-1"]
[WhiteElo "2094"]
[BlackElo "1923"]

1.d4 Nf6 2.c4 g6 3.Nc3 Bg7 4.e4 d6 5.Nf3 O-O 6.Be2 e5 7.O-O Nc6 8.d5 Ne7
9.Ne1 Ne8 10.Nd3 f5 11.f3 Nf6 12.Bd2 f4 13.Rc1 g5 14.c5 Ng6 15.Nb5 Rf7 16.Ba5 b6
17.cxd6 cxd6 18.Bb4 Bf8 19.Qb3 g4 20.Rc6 g3 21.hxg3 fxg3 22.Rfc1 Nxe4 23.Kf1 Qh4
24.Ke1 Qh1+ 25.Bf1 Rxf3 26.Ke2 Bg4  0-1

[Event "Politiken Cup 2013"]
[Site "Helsingor DEN"]
[Date "2013.08.01"]
[Round "7.24"]
[White "Molvig,H"]
[Black "Ochsner,B"]
[Result "1/2-1/2"]
[WhiteElo "2167"]
[BlackElo "2343"]

1.d4 Nf6 2.c4 g6 3.Nc3 Bg7 4.e4 d6 5.Nf3 O-O 6.Be2 e5 7.O-O Nc6 8.d5 Ne7
9.b4 Nh5 10.Re1 f5 11.Ng5 Nf6 12.Bf3 c6 13.b5 h6 14.Ne6 Bxe6 15.dxe6 fxe4
16.Nxe4 Nxe4 17.Bxe4 d5 18.cxd5 cxd5 19.Ba3 dxe4 20.Qxd8 Rfxd8 21.Bxe7 Re8  1/2-1/2

[Event "100th ch-GBR 2013"]
[Site "Torquay ENG"]
[Date "2013.08.01"]
[Round "4.4"]
[White "Palliser,R"]
[Black "Hebden,M"]
[Result "0-1"]
[WhiteElo "2453"]
[BlackElo "2555"]

1.Nf3 Nf6 2.c4 g6 3.Nc3 Bg7 4.e4 d6 5.d4 O-O 6.Be2 e5 7.O-O Nc6 8.d5 Ne7
9.b4 a5 10.Ba3 axb4 11.Bxb4 b6 12.a4 Re8 13.Nd2 c5 14.Ba3 Bh6 15.Bc1 Bd7
16.Nb3 Bg7 17.Bd2 Rf8 18.Qc2 Ne8 19.Nb5 f5 20.f3 Kh8 21.a5 Ng8 22.axb6 Rxa1
23.Rxa1 Qxb6 24.Ba5 Qb8 25.Nd2 Ngf6 26.Rb1 Qa8 27.Ra1 Bh6 28.exf5 gxf5 29.Bc3 Qd8
30.Ba5 Qe7 31.Nc7 Be3+ 32.Kh1 Ng7 33.Bc3 f4 34.Ne6 Bxe6 35.dxe6 Nxe6 36.Nf1 Bd4
37.Bd3 Rg8 38.Bf5 Bxc3 39.Qxc3 Nd4 40.Bh3 e4  0-1

[Event "Sparkassen Open A 2013"]
[Site "Dortmund GER"]
[Date "2013.08.02"]
[Round "7.23"]
[White "Reisberg,Andre"]
[Black "Plassmann,D"]
[Result "1/2-1/2"]
[WhiteElo "1955"]
[BlackElo "2078"]

1.d4 Nf6 2.c4 g6 3.Nc3 Bg7 4.e4 d6 5.Nf3 O-O 6.Be2 e5 7.O-O Nc6 8.d5 Ne7
9.Ne1 Ne8 10.Be3 f5 11.f3 f4 12.Bf2 a5 13.c5 g5 14.cxd6 Nxd6 15.Nb5 h5 16.a4 Ng6
17.Rc1 Rf7 18.Qb3 g4 19.Nxd6 cxd6 20.fxg4 hxg4 21.Qb6 Qg5 22.Kh1 f3 23.Be3 Qh4
24.g3 Qh3 25.Bb5 Bf8 26.Rf2 Rh7 27.Kg1 Nf4 28.Rcc2 Ng2 29.Rxg2 fxg2 30.Rxg2 Rf7
31.Qd8 Qh7 32.Be8 Re7 33.Rf2 Qg7 34.Bh5 b5 35.axb5 Bb7 36.Qxd6 Rc8 37.Qg6 Qxg6
38.Bxg6 Rb8 39.b6 Bc8 40.Bc5 Bd7 41.Nd3 Bb5 42.Nxe5 Reb7 43.Bd4 Bg7 44.Rd2 Rc8
45.Nxg4 Bxd4+ 46.Rxd4 Rxb6 47.Bf5 Rc2 48.d6 Rxb2 49.d7 Bxd7 50.Rxd7 Rc6 51.Rd1 a4
52.Bd7 Ra6 53.Bxa4 Rxa4 54.Rf1 Kg7 55.Nf2 Re2 56.h4 Raa2 57.g4 Kg6 58.Kg2 Rxe4
59.Kf3 Rb4 60.Ne4  1/2-1/2

[Event "Politiken Cup 2013"]
[Site "Helsingor DEN"]
[Date "2013.08.02"]
[Round "8.21"]
[White "Nilsen,Jo"]
[Black "Kristiansen,Jen"]
[Result "1/2-1/2"]
[WhiteElo "2259"]
[BlackElo "2396"]

1.d4 Nf6 2.c4 g6 3.Nc3 Bg7 4.e4 d6 5.Be2 O-O 6.Nf3 e5 7.O-O Nc6 8.d5 Ne7
9.Ne1 Nd7 10.Be3 f5 11.f3 f4 12.Bf2 g5 13.Rc1 a6 14.b4 Qe8 15.c5 Rf6 16.cxd6 cxd6
17.Nd3 Qh5 18.Kh1 Rh6 19.Bg1 Qg6 20.Nf2 Nf6 21.Ng4 Bxg4 22.fxg4 Nxe4 23.Nxe4 Qxe4
24.Bd3 Qxb4 25.Rb1 Qa5 26.Rxb7 Re8 27.Qb3 e4 28.Bxe4 Ng6 29.Bf5 Ne5 30.Be6+ Kh8
31.Rb8 Rf8 32.Rxf8+ Bxf8 33.Qb8 Rf6 34.Bd4 Qxa2 35.Bxe5 dxe5 36.Qxe5 Bg7
37.Qxg5 Qe2 38.Rg1 f3 39.gxf3 Qxf3+ 40.Rg2 Qf1+ 41.Rg1 Qf3+ 42.Rg2 Qf1+  1/2-1/2

[Event "100th ch-GBR 2013"]
[Site "Torquay ENG"]
[Date "2013.08.02"]
[Round "5.48"]
[White "Coates,D"]
[Black "Thorpe,Thomas"]
[Result "1-0"]
[WhiteElo "2046"]
[BlackElo "1875"]

1.d4 g6 2.c4 Bg7 3.e4 d6 4.Nf3 Nf6 5.Nc3 O-O 6.Be2 Nc6 7.O-O e5 8.d5 Ne7
9.b4 Nh5 10.Re1 f5 11.Ng5 Nf4 12.Bxf4 exf4 13.Rc1 h6 14.Ne6 Bxe6 15.dxe6 fxe4
16.Nxe4 Nf5 17.Bd3 Nd4 18.Nc3 Qg5 19.Nd5 f3 20.g3 Rac8 21.h4 Qg4 22.Ne7+ Kh7
23.Nxc8 Be5 24.Re4 Qxe6 25.Nxa7 Rf4 26.Nb5 Rxe4 27.Bxe4 Ne2+ 28.Kf1 Nxg3+
29.fxg3 Qh3+ 30.Kf2 Qxg3+ 31.Ke3 Bf4+ 32.Kd3 f2+ 33.Qf3 Bxc1 34.Ke2 f1=Q+
35.Kxf1 Qxh4 36.Qf7+ Kh8 37.Qe8+ Kg7 38.Qxg6+ Kf8 39.Qf5+ Ke7 40.Nxc7 Bd2
41.Qe6+ Kf8 42.Qxd6+  1-0

[Event "9th Gazi 2013"]
[Site "Gazi GRE"]
[Date "2013.08.03"]
[Round "9"]
[White "Gamback,B"]
[Black "Kanakaris,G"]
[Result "0-1"]
[WhiteElo "2140"]
[BlackElo "2310"]

1.d4 Nf6 2.c4 g6 3.Nc3 Bg7 4.e4 d6 5.Nf3 O-O 6.Be2 e5 7.O-O Nc6 8.Be3 Ng4
9.Bg5 f6 10.Bc1 Nh6 11.c5 Nf7 12.cxd6 Nxd6 13.dxe5 fxe5 14.Bg5 Qe8 15.Nb5 Nxb5
16.Bxb5 h6 17.Be3 Bd7 18.Qd5+ Kh7 19.Rfd1 Rd8 20.Qc5 a6 21.Be2 Rf6 22.Qa3 Bf8
23.Qc3 Bd6 24.Bc5 Bc8 25.b4 Qe7 26.Be3 Rdf8 27.Rac1 Bd7 28.Rd2 Kg7 29.Rcd1 Bg4
30.Rd3 Bxf3 31.Bxf3 Kh7 32.Bc5 R8f7 33.Be3 Rxf3 34.gxf3 Qh4 35.Rxd6 cxd6
36.Rxd6 Rxf3 37.Rxc6 bxc6 38.Qxe5 Qg4+ 39.Kf1 Rf7 40.Bd4 Qd1+ 41.Kg2 Qf3+
42.Kg1 g5 43.Qe6 Rf4 44.Qd7+ Kg6 45.Qe8+ Rf7 46.Qxc6+ Kh5 47.Be3 Qg4+ 48.Kh1 Rd7
49.h4 Qh3+ 50.Kg1 Rd1+  0-1

[Event "Politiken Cup 2013"]
[Site "Helsingor DEN"]
[Date "2013.08.03"]
[Round "9.79"]
[White "Molvig,Julius"]
[Black "Andreasen,Ja"]
[Result "1/2-1/2"]
[WhiteElo "1889"]
[BlackElo "2008"]

1.d4 Nf6 2.c4 d6 3.Nc3 g6 4.e4 Bg7 5.Nf3 O-O 6.Be2 e5 7.O-O Nc6 8.d5 Ne7
9.b4 Ne8 10.c5 f5 11.Ng5 fxe4 12.Ngxe4 Bf5 13.Bg4 Nf6 14.Bxf5 Nxf5 15.Ng5 Nd4
16.Ne2 dxc5 17.Nxd4 cxd4 18.Ne6 Qd6 19.Nxf8 Rxf8 20.Qb3 Qxd5 21.Qxd5+ Nxd5
22.Bd2 e4 23.Rac1 Re8 24.Rfd1 e3 25.fxe3 dxe3 26.Be1 c6 27.g3 e2 28.Rd3 Bh6
29.Rc2 Be3+ 30.Kg2 Bb6 31.Kf3 g5 32.Rb2 Ne3 33.g4 Nd5 34.Rc2 Rf8+ 35.Ke4 Rf4+
36.Ke5 Rf1 37.Rxd5 cxd5 38.Rxe2 d4 39.Bg3 d3 40.Rd2 Bc7+ 41.Ke4 Bxg3 42.hxg3 Kf7
43.Rxd3 Ke6 44.a3 Ra1 45.Kd4 Re1 46.Rc3 Rd1+  1/2-1/2

[Event "Politiken Cup 2013"]
[Site "Helsingor DEN"]
[Date "2013.08.03"]
[Round "9.62"]
[White "Thybo,Jesper Sondergaard"]
[Black "Molin,C"]
[Result "1-0"]
[WhiteElo "2097"]
[BlackElo "1982"]

1.d4 Nf6 2.c4 g6 3.Nc3 Bg7 4.e4 d6 5.Be2 O-O 6.Nf3 e5 7.O-O Nc6 8.d5 Ne7
9.Ne1 Nd7 10.Be3 f5 11.f3 f4 12.Bf2 g5 13.Rc1 Nf6 14.c5 Ng6 15.cxd6 cxd6
16.Nb5 Rf7 17.Qc2 Ne8 18.Nd3 g4 19.fxg4 Qg5 20.Qxc8 Rxc8 21.Rxc8 Rf8 22.Rfc1 Ne7
23.Rb8 Nxd5 24.exd5 e4 25.h4 Qf6 26.Rcc8 f3 27.Bxf3 exf3 28.Rxe8 Qg6 29.Rxf8+ Bxf8
30.Ne1 fxg2 31.Nd4 Kf7 32.Rxb7+ Ke8 33.g5 Qe4 34.Ne6 Be7 35.Nxg2 Qg4 36.Bd4 h6
37.Bf6  1-0

[Event "9th Ribeira Valley Open 2013"]
[Site "Registro BRA"]
[Date "2013.08.03"]
[Round "9.24"]
[White "Do Prado,Andressa Souza Brito"]
[Black "Branchini,F"]
[Result "0-1"]
[WhiteElo "1608"]
[BlackElo "1985"]

1.d4 Nf6 2.c4 g6 3.Nc3 Bg7 4.e4 d6 5.Nf3 O-O 6.Be2 e5 7.O-O Nc6 8.d5 Ne7
9.b4 Nh5 10.g3 f5 11.Ng5 Nf6 12.Bf3 h6 13.Ne6 Bxe6 14.dxe6 Ne8 15.Nd5 c6
16.Nxe7+ Qxe7 17.c5 Qxe6 18.exf5 gxf5 19.Bb2 e4 20.Bxg7 Nxg7 21.Re1 d5 22.Qb3 Qf6
23.Bg2 Ne6 24.Rad1 Kh8 25.f3 Nd4 26.Qb1 exf3 27.Qd3 fxg2 28.Qxd4 Qxd4+ 29.Rxd4 Rae8
30.Rdd1 Re4 31.Kxg2 Rfe8 32.Kf2 Rxe1 33.Rxe1 Rxe1 34.Kxe1 Kg7 35.Ke2 Kf6
36.Kd3 Ke5 37.a4 a6 38.h3 h5 39.h4 d4 40.a5 Kd5 41.Ke2 Kc4  0-1

[Event "Sparkassen Open A 2013"]
[Site "Dortmund GER"]
[Date "2013.08.04"]
[Round "9.20"]
[White "Eckardt,Joshua"]
[Black "Plassmann,D"]
[Result "1/2-1/2"]
[WhiteElo "2023"]
[BlackElo "2078"]

1.d4 Nf6 2.c4 g6 3.Nc3 Bg7 4.e4 d6 5.Nf3 O-O 6.Be2 e5 7.O-O Nc6 8.d5 Ne7
9.b4 Nh5 10.Re1 f5 11.Ng5 Nf6 12.Bf3 f4 13.Qb3 h6 14.Ne6 Bxe6 15.dxe6 g5
16.Nd5 Nexd5 17.exd5 g4 18.Be4 Qe8 19.Qd3 Qh5 20.Bg6 Qg5 21.e7 Rfe8 22.Bxe8 Rxe8
23.Bb2 Rxe7 24.c5 e4 25.Qb3 Qxd5 26.Bxf6 Qxb3 27.axb3 Bxf6 28.Rxa7 Bc3 29.cxd6 cxd6
30.Rc1 Bxb4 31.Rc8+ Kf7 32.Rb8 Bc5 33.Raxb7 g3 34.hxg3 fxg3 35.Kf1 gxf2 36.b4 Bd4
37.b5 e3 38.Rxe7+ Kxe7 39.Rb7+ Ke6 40.Rh7 Kd5 41.Rxh6 Be5 42.Ke2 Kc4 43.Rh3 Bd4
44.Rh4 Kc3 45.Rxd4 Kxd4 46.b6 Kc3 47.b7  1/2-1/2

[Event "FSIM August 2013"]
[Site "Budapest HUN"]
[Date "2013.08.05"]
[Round "3.4"]
[White "Korley,K"]
[Black "Resika,N"]
[Result "1-0"]
[WhiteElo "2277"]
[BlackElo "2234"]

1.d4 g6 2.c4 Nf6 3.Nc3 Bg7 4.Nf3 d6 5.e4 O-O 6.Be2 e5 7.O-O Nc6 8.d5 Ne7
9.b4 a5 10.bxa5 Rxa5 11.Nd2 c5 12.a4 Ne8 13.Rb1 f5 14.Nb3 Ra6 15.a5 Nf6 16.f3 Bd7
17.Be3 Qc8 18.Qd2 Kh8 19.Rb2 Rg8 20.Rfb1 f4 21.Bf2 g5 22.Nb5 g4 23.Nxd6 Rxd6
24.Bxc5 Ne8 25.Bxd6 Nxd6 26.Qb4 gxf3 27.Bxf3 Qb8 28.Nc5 Qa7 29.Qb6 Qxb6 30.Rxb6 Nxc4
31.Nxd7 Nxb6 32.Rxb6 Ra8 33.Rxb7 Rxa5 34.Rb8+ Ng8 35.Bh5 Ra1+ 36.Kf2 Ra2+
37.Kf3 Ra3+ 38.Kg4 Ra2 39.Bf7 h5+ 40.Kxh5  1-0

[Event "100th ch-GBR 2013"]
[Site "Torquay ENG"]
[Date "2013.08.05"]
[Round "7.49"]
[White "Coates,D"]
[Black "Howell,Ch"]
[Result "1/2-1/2"]
[WhiteElo "2046"]
[BlackElo "2055"]

1.d4 Nf6 2.c4 g6 3.Nc3 Bg7 4.e4 d6 5.Nf3 O-O 6.Be2 Nc6 7.O-O e5 8.d5 Ne7
9.b4 c6 10.a4 a5 11.Ba3 axb4 12.Bxb4 c5 13.Ba3 Nh5 14.Re1 Nf4 15.Bf1 f5 16.Nd2 g5
17.Nb5 Ra6 18.Bb2 g4 19.Ra3 Bh6 20.exf5 Bxf5 21.Ne4 Nc8 22.Bc1 Qh4 23.g3 Nh3+
24.Bxh3 Qxh3 25.a5 Kh8 26.Qe2 Bxc1 27.Rxc1 Qh6 28.Rca1 Qg6 29.Re1 h5 30.Nc7 Ra7
31.Nb5  1/2-1/2

[Event "100th ch-GBR 2013"]
[Site "Torquay ENG"]
[Date "2013.08.05"]
[Round "7.10"]
[White "Palliser,R"]
[Black "Ledger,D"]
[Result "1-0"]
[WhiteElo "2453"]
[BlackElo "2305"]

1.d4 Nf6 2.Nf3 g6 3.c4 Bg7 4.Nc3 O-O 5.e4 d6 6.Be2 e5 7.O-O Nc6 8.d5 Ne7
9.Ne1 Nd7 10.Be3 f5 11.f3 f4 12.Bf2 g5 13.Rc1 Rf6 14.Nd3 Rh6 15.b4 Nf6 16.Be1 Rg6
17.Nf2 h5 18.h3 Kh8 19.c5 Neg8 20.cxd6 cxd6 21.Nb5 Ne8 22.a4 Nh6 23.Rc3 Bd7
24.a5 Bf8 25.Qc2 Rg7 26.Bd2 Rh7 27.Rc1 g4 28.fxg4 hxg4 29.hxg4 Be7 30.Rh3 Bh4
31.Be1 Bg3 32.Qd1 Qg5 33.Nc7 Nxc7 34.Rxc7 Rb8 35.Rxd7 Rxd7 36.Rh5 Qg6 37.g5 Rh7
38.Rxh6 Rxh6 39.gxh6 Qxh6 40.Ng4 Qh4 41.Bxg3 Qxg3 42.Qd3 Qe1+ 43.Bf1 Kg7
44.Qc4 Rf8 45.Qc7+ Kg8 46.Qe7  1-0

[Event "21st Poznan Open"]
[Site "Poznan POL"]
[Date "2013.08.07"]
[Round "1.2"]
[White "Sklepinski,A"]
[Black "Szelag,M"]
[Result "0-1"]
[WhiteElo "1751"]
[BlackElo "2488"]

1.d4 Nf6 2.Nf3 g6 3.c4 Bg7 4.Nc3 O-O 5.e4 d6 6.Be2 e5 7.O-O Nc6 8.d5 Ne7
9.b4 Nh5 10.g3 f5 11.Ng5 Nf6 12.f3 f4 13.Qb3 Kh8 14.a4 h6 15.Ne6 Bxe6 16.dxe6 Nc6
17.c5 Nd4 18.Qa2 dxc5 19.bxc5 c6 20.Bc4 Qe7 21.Ba3 fxg3 22.hxg3 Nh5 23.Kg2 Qg5
24.g4 Rxf3 25.Rxf3 Qxg4+ 26.Kf1 Qxf3+ 27.Qf2 Qh1+  0-1

[Event "100th ch-GBR 2013"]
[Site "Torquay ENG"]
[Date "2013.08.07"]
[Round "9.2"]
[White "Lalic,B"]
[Black "Hebden,M"]
[Result "1/2-1/2"]
[WhiteElo "2489"]
[BlackElo "2555"]

1.d4 Nf6 2.c4 g6 3.Nc3 Bg7 4.e4 d6 5.Nf3 O-O 6.Be2 e5 7.O-O Nc6 8.d5 Ne7
9.Ne1 Nd7 10.Be3 f5 11.f3 f4 12.Bf2 g5 13.Rc1 Ng6 14.Nb5 b6 15.b4 a6 16.Nc3 Rf7
17.c5 Rb8 18.Nd3 Bf8 19.cxb6 cxb6 20.Nb2 Rg7 21.b5 a5 22.Nca4 Nc5 23.Nxc5 dxc5
24.Nc4 Bd6 25.Rc3  1/2-1/2

[Event "TCh-ESP CECLUB Div2"]
[Site "Ciudad Real ESP"]
[Date "2013.08.08"]
[Round "3.5"]
[White "Silva Rodriguez,F"]
[Black "Balada Moreno,J"]
[Result "1-0"]
[WhiteElo "2174"]
[BlackElo "2149"]

1.d4 Nf6 2.c4 g6 3.Nc3 Bg7 4.e4 d6 5.Nf3 O-O 6.Be2 e5 7.O-O Nc6 8.d5 Ne7
9.Ne1 a5 10.Nd3 Nd7 11.Be3 b6 12.a3 Ba6 13.Nb5 f5 14.f3 Nf6 15.Nf2 Nh5 16.Nd3 Nf6
17.Nf2 Nh5 18.b4 fxe4 19.fxe4 Nf4 20.g3 Nxe2+ 21.Qxe2 Bxb5 22.cxb5 Qd7 23.Kg2 Kh8
24.g4 g5 25.Nh3 h6 26.Rxf8+ Rxf8 27.bxa5 bxa5 28.Rc1 Ng6 29.Nf2 Nf4+ 30.Bxf4 exf4
31.Kf3 Bd4 32.a4 Re8 33.Rc4 Qg7 34.Qd2 Bxf2 35.Qxf2 Re7 36.Qc2 Qa1 37.Qc3+ Qxc3+
38.Rxc3 Kg7 39.Rc6 Rd7 40.Ra6 Kf6 41.Rxa5 h5 42.Ra7 hxg4+ 43.Kxg4 Rh7 44.a5 Rh4+
45.Kf3 Rh3+ 46.Kg2 g4 47.Rxc7 Rb3 48.b6 Rb2+ 49.Kg1 Ke5 50.b7 Rb1+ 51.Kf2 Rb2+
52.Ke1 Rb1+ 53.Kd2 g3 54.hxg3 fxg3 55.a6 Kf6 56.Rc8  1-0